000 006880000a22002050004500
020 _a1-55945-664-7
041 0 _aSPA
082 0 4 _aG 268.433 W243d
100 1 _aWamberg, Steve
245 1 0 _aLas drogas y las bebidas alcohólicas / Steve y Annie Wamberg ; Sandra Leoni, Traductor
260 _aLoveland, CO., USA : Acción
300 _a48 Pag
500 _aTítulo original : Drugs & drinking
505 0 0 _aUn curso de cuatro semanas para ayudar a los adolescentes a evitar los peligros de las drogas y las bebidas alcohólicas
001 7941
942 _cBK
999 _c38141
_d38141
336 _atexto
_btxt
_2rdacontent
337 _2rdamedia
_asin mediación
_bn
338 _2rdacarrier
_avolumen
_bnc